<?xml version="1.0" encoding="UTF-8"?>
<record
    xmlns:xsi="http://www.w3.org/2001/XMLSchema-instance"
    xsi:schemaLocation="http://www.loc.gov/MARC21/slim http://www.loc.gov/standards/marcxml/schema/MARC21slim.xsd"
    xmlns="http://www.loc.gov/MARC21/slim">

  <leader>05386cam a22004814i 4500</leader>
  <controlfield tag="003">PE-LiUPU</controlfield>
  <controlfield tag="005">20250731173420.0</controlfield>
  <controlfield tag="008">150706s                r     000 0     d</controlfield>
  <datafield tag="020" ind1=" " ind2=" ">
    <subfield code="a">9780825411168</subfield>
  </datafield>
  <datafield tag="035" ind1=" " ind2=" ">
    <subfield code="a">(Sirsi) i9780825411168</subfield>
  </datafield>
  <datafield tag="040" ind1=" " ind2=" ">
    <subfield code="a">PE-LiUPU</subfield>
    <subfield code="b">spa</subfield>
    <subfield code="c">PE-LiUPU</subfield>
    <subfield code="e">rda</subfield>
  </datafield>
  <datafield tag="049" ind1=" " ind2=" ">
    <subfield code="a">PRUA</subfield>
  </datafield>
  <datafield tag="082" ind1="0" ind2="4">
    <subfield code="a">251.02</subfield>
    <subfield code="b">PP</subfield>
    <subfield code="2">21</subfield>
  </datafield>
  <datafield tag="100" ind1="1" ind2=" ">
    <subfield code="a">Campbell, Roger F.,</subfield>
    <subfield code="d">1930- ,</subfield>
    <subfield code="e">autor.</subfield>
  </datafield>
  <datafield tag="245" ind1="1" ind2="0">
    <subfield code="a">Predique por un a&#xF1;o #3 :</subfield>
    <subfield code="b">104 bosquejos de sermones. Dos bosquejos completos para cada domingo del a&#xF1;o /</subfield>
    <subfield code="c">Roger Campbell .</subfield>
  </datafield>
  <datafield tag="264" ind1=" " ind2="1">
    <subfield code="a">Grand Rapids :</subfield>
    <subfield code="b">Editorial Portavoz,</subfield>
    <subfield code="c">1998.</subfield>
  </datafield>
  <datafield tag="300" ind1=" " ind2=" ">
    <subfield code="a">224 p&#xE1;ginas ;</subfield>
    <subfield code="c">22 cm.</subfield>
  </datafield>
  <datafield tag="336" ind1=" " ind2=" ">
    <subfield code="a">text</subfield>
    <subfield code="2">rdacontent</subfield>
  </datafield>
  <datafield tag="337" ind1=" " ind2=" ">
    <subfield code="a">unmediated</subfield>
    <subfield code="2">rdamedia</subfield>
  </datafield>
  <datafield tag="338" ind1=" " ind2=" ">
    <subfield code="a">volume</subfield>
    <subfield code="2">rdacarrier</subfield>
  </datafield>
  <datafield tag="490" ind1="0" ind2=" ">
    <subfield code="a">Predique por un a&#xF1;o</subfield>
  </datafield>
  <datafield tag="505" ind1="0" ind2=" ">
    <subfield code="a">Enero -- Un a&#xF1;o para construir -- S&#xED;gueme -- La gran comisi&#xF3;n (empieza la serie acerca de misiones) -- &#xBF;De qu&#xE9; se trata ser misionero? -- Ame a las misiones -- Una iglesia misionera poderosa -- D&#xED;a de buenas nuevas -- Tiempo de cosecha (concluye la serie acerca de misiones) -- Febrero -- Comuni&#xF3;n, gozo y perd&#xF3;n (empieza la serie en primera de Juan) -- Nuestro abogado -- De profesi&#xF3;n a perfecci&#xF3;n -- &#xBF;Amar o no amar? esa es la pregunta -- Palabras urgentes para los hijos -- La esperanza purificadora de Juan -- Por qu&#xE9; vino Jes&#xFA;s -- El gran c&#xED;rculo de amor de Dios -- Marzo -- La vida vencedora -- Preguntas acerca de la vida eterna (concluye la serie en primera de Juan) -- De la sinceridad a la certeza -- La cena del Se&#xF1;or: hasta que &#xC9;l venga -- Pies limpios -- A Jerusal&#xE9;n -- No se hall&#xF3; culpa en Jes&#xFA;s (empieza la serie acerca de la cruz) -- La corona de espinas -- Abril -- Jug&#xE1;ndose la ropa de Jes&#xFA;s -- El m&#xE1;s admirable convertido a Cristo (concluye la serie acerca de la cruz) -- Ve y proclama las buenas nuevas (empieza la serie acerca de la resurrecci&#xF3;n) -- Digan a Pedro -- Verdaderamente el Se&#xF1;or ha resucitado -- El que vive para siempre -- La ascenci&#xF3;n de Jesucristo (concluye la serie acerca de la resurrecci&#xF3;n) -- El texta para todos nosotros -- Mayo -- Dir&#xED;jase a las monta&#xF1;as -- Calla, enmudece -- La gran mujer de Dios -- "&#xBF;Que tienes, Agar?" -- &#xA1;Sean fuertes! -- Firmes y adelante, soldados del Se&#xF1;or -- Jes&#xFA;s frente a una tumba -- En memoria del Maestro -- Junio -- La infalibre f&#xF3;rmula de Dios para el &#xE9;xito -- El alto costo de estar perdido -- Dios quiere hacer un trato -- Prepar&#xE1;ndose para morir -- Conozca a Jairo, el gran padre -- C&#xF3;mo agradar a Dios -- Hogar, dulce hogar -- Jes&#xFA;s de Nazaret est&#xE1; pasando -- Julio -- La escritura est&#xE1; en la pared -- "Nada" -- Farra&#xF3;n: hombre rebelde (empieza la serie de la esclavitud al Sina&#xED;) -- Esperando en Dios -- Buenas noticias para un pueblo agobiado -- Las plagas comienzan -- Fara&#xF3;n y las ranas -- Condescendencias -- Agosto -- D&#xED;a de la liberaci&#xF3;n -- Aliment&#xE1;ndose de cordero -- El cruce del Mar Rojo -- El canto de los redimidos -- De la amargura a la bendici&#xF3;n -- Aquellos que sostienen a otros -- Pan del cielo -- Cuando agua fluy&#xF3; de una roca -- Septiembre -- Jetro encuentra a Jehov&#xE1; -- El plan de Jetro -- Buenas palabras (concluye la serie de la esclavitud al Sina&#xED;) -- El Dios que est&#xE1; ah&#xED; -- Fortaleza para el d&#xED;a -- La fe derrib&#xF3; las murallas -- Un pasaje para corazones atribulados (empieza la serie acerca del cielo) -- La diferencia -- Octubre -- &#xBF;Reconoceremos a nuestros seres queridos en el cielo? -- Matrimonio en el cielo -- No habr&#xE1; m&#xE1;s l&#xE1;grimas (concluye la serie acerca del cielo) -- No -- Las met&#xE1;foras de Cristo en Isa&#xED;as -- Del enga&#xF1;o a la caridad -- Tres personas presentes hoy (comienza la serie acerca de la madurez) -- Lo que debemos saber para crecer -- Noviembre -- C&#xF3;mo identificar a creyentes maduros -- C&#xF3;mo crecer por medio de las pruebas -- El creyente maduro -- &#xBF;Por qu&#xE9; madurar? -- El pastor y la iglesia (concluye la serie acerca de la madurez) -- C&#xF3;mo llamar al var&#xF3;n de Dios -- Acci&#xF3;n de gracias superficial -- Un hombre agradecido -- Diciembre -- Admirable (empieza la serie acerca del nacimiento de Cristo) -- Consejero -- Dios fuerte -- Padre eterno -- Pr&#xED;ncipe de paz -- Las maravillas de la navidad -- Sime&#xF3;n y su secreto -- Rico y pobre (concluye la serie acerca del nacimiento de Cristo) -- Quintos domingos -- Trastonando al mundo -- Triunfantes en los problemas -- Lazos familiares -- La iglesia inconquistable -- Gloria a Dios -- Este hombre recibe a pecadores -- Grande es tu fidelidad -- El amor de Dios y nuestras p&#xE9;rdidas -- &#xCD;ndice de textos b&#xED;blicos.</subfield>
  </datafield>
  <datafield tag="526" ind1=" " ind2=" ">
    <subfield code="a">SEG42</subfield>
  </datafield>
  <datafield tag="526" ind1=" " ind2=" ">
    <subfield code="a">SEG41</subfield>
  </datafield>
  <datafield tag="526" ind1=" " ind2=" ">
    <subfield code="a">SEG40</subfield>
  </datafield>
  <datafield tag="526" ind1=" " ind2=" ">
    <subfield code="a">SEG39</subfield>
  </datafield>
  <datafield tag="526" ind1=" " ind2=" ">
    <subfield code="a">P94</subfield>
  </datafield>
  <datafield tag="526" ind1=" " ind2=" ">
    <subfield code="a">P87</subfield>
  </datafield>
  <datafield tag="526" ind1=" " ind2=" ">
    <subfield code="a">P86</subfield>
  </datafield>
  <datafield tag="526" ind1=" " ind2=" ">
    <subfield code="a">P85</subfield>
  </datafield>
  <datafield tag="526" ind1=" " ind2=" ">
    <subfield code="a">P77</subfield>
  </datafield>
  <datafield tag="526" ind1=" " ind2=" ">
    <subfield code="a">P76</subfield>
  </datafield>
  <datafield tag="526" ind1=" " ind2=" ">
    <subfield code="a">P35</subfield>
  </datafield>
  <datafield tag="541" ind1=" " ind2=" ">
    <subfield code="g">001-0000583;</subfield>
  </datafield>
  <datafield tag="650" ind1="0" ind2="4">
    <subfield code="a">Sermones b&#xED;blicos.</subfield>
  </datafield>
  <datafield tag="700" ind1="1" ind2=" ">
    <subfield code="a">Mes&#xED;as, Miguel A.,</subfield>
    <subfield code="e">tr.</subfield>
  </datafield>
  <datafield tag="910" ind1=" " ind2=" ">
    <subfield code="a">gl</subfield>
    <subfield code="c">jck</subfield>
    <subfield code="d">20120610</subfield>
  </datafield>
  <datafield tag="942" ind1=" " ind2=" ">
    <subfield code="2">ddc</subfield>
    <subfield code="c">BOOK</subfield>
  </datafield>
  <datafield tag="949" ind1=" " ind2=" ">
    <subfield code="a">251.02 PP 3</subfield>
    <subfield code="w">DEWEY</subfield>
    <subfield code="c">1</subfield>
    <subfield code="i">64917</subfield>
    <subfield code="l">CCODEBUL1</subfield>
    <subfield code="m">BUL</subfield>
    <subfield code="p">13.00</subfield>
    <subfield code="r">0</subfield>
    <subfield code="s">Y</subfield>
    <subfield code="t">BOOK</subfield>
    <subfield code="u">2015-7-6</subfield>
    <subfield code="x">TEOLOGIA</subfield>
    <subfield code="P">P35</subfield>
    <subfield code="o">.STAFF. Colecci&#xF3;n General</subfield>
  </datafield>
  <datafield tag="994" ind1=" " ind2=" ">
    <subfield code="a">C0</subfield>
    <subfield code="b">PEPRU</subfield>
  </datafield>
  <datafield tag="596" ind1=" " ind2=" ">
    <subfield code="a">1</subfield>
  </datafield>
  <datafield tag="999" ind1=" " ind2=" ">
    <subfield code="a">251.02 PP 3</subfield>
    <subfield code="w">DEWEY</subfield>
    <subfield code="c">53625</subfield>
    <subfield code="i">64917</subfield>
    <subfield code="d">53625</subfield>
    <subfield code="e">2018-4-10</subfield>
    <subfield code="f">2021-11-10</subfield>
    <subfield code="g">6</subfield>
    <subfield code="l">CCODEBUL1</subfield>
    <subfield code="m">BUL</subfield>
    <subfield code="n">1</subfield>
    <subfield code="p">13.00</subfield>
    <subfield code="q">1</subfield>
    <subfield code="r">0</subfield>
    <subfield code="s">Y</subfield>
    <subfield code="t">BOOK</subfield>
    <subfield code="u">2015-7-6</subfield>
    <subfield code="x">TEOLOGIA</subfield>
    <subfield code="P">P35</subfield>
    <subfield code="0">COMPRA</subfield>
    <subfield code="o">.STAFF. Colecci&#xF3;n General</subfield>
  </datafield>
  <datafield tag="980" ind1=" " ind2=" ">
    <subfield code="8">1</subfield>
    <subfield code="g">ALBERTO SANCHEZ Responsable de Automatizaci&#xF3;n</subfield>
  </datafield>
  <datafield tag="952" ind1=" " ind2=" ">
    <subfield code="r">2025-12-03 00:00:00</subfield>
    <subfield code="i">7</subfield>
    <subfield code="l">1</subfield>
    <subfield code="o">251.02 PP 3</subfield>
    <subfield code="p">64917</subfield>
    <subfield code="s">2018-04-10</subfield>
    <subfield code="t">e1</subfield>
    <subfield code="v">18.00</subfield>
    <subfield code="w">2015-07-06</subfield>
    <subfield code="x">FT</subfield>
    <subfield code="y">BK</subfield>
    <subfield code="z">inventario-2023-12-13</subfield>
    <subfield code="1">0</subfield>
    <subfield code="2">ddc</subfield>
    <subfield code="5">0</subfield>
    <subfield code="7">0</subfield>
    <subfield code="8">GEN</subfield>
    <subfield code="f">P35</subfield>
    <subfield code="a">BUL</subfield>
    <subfield code="b">BUL</subfield>
    <subfield code="c">GEN</subfield>
    <subfield code="d">2015-07-06</subfield>
    <subfield code="e">COMPRA</subfield>
    <subfield code="g">13.00</subfield>
  </datafield>
</record>
